Catalunya marítima : crònica en blanc i negre : 1880 - 1980 : els treballs portuaris crònica en blanc i negre :
Descripción Física:
[4] p. : principalment il., fot. ; 10 cm
Otros Autores:
Museu Marítim (Barcelona)
MARC
| LEADER | 00000nam a2200000Ia 4500 | ||
|---|---|---|---|
| 001 | 18591 | ||
| 008 | 160829s9999 xx 000 0 cat d | ||
| 080 | |a FU-35-21 | ||
| 245 | |a Catalunya marítima : |b crònica en blanc i negre : |b 1880 - 1980 : |b els treballs portuaris | ||
| 260 | |a [Barcelona] : |b Caja de Ahorros del Mediterráneo : |b Museu Marítim de Barcelona, [2007 ?] | ||
| 300 | |a [4] p. : |b principalment il., fot. ; |c 10 cm | ||
| 650 | |a Ports |x Catalunya |x Llibres de làmines |9 22635 | ||
| 650 | |a Estibadors |x Catalunya |9 22636 | ||
| 700 | |a Museu Marítim (Barcelona) | ||
| 901 | |a Arxiu | ||
| 942 | |n 1 | ||
| 952 | |0 0 |1 0 |4 0 |6 FU3521 |7 1 |9 42261 |a Arxiu |b Arxiu |d 2016-12-01 |l 0 |o FU-35-21 |p 18591 |r 2016-12-01 00:00:00 |w 2016-12-01 |y ARXIU | ||
| 999 | |c 44739 |d 44739 | ||